[Event "Kragero Resort Chess A 2019"]
[Site "Kragero"]
[Date "2019.02.21"]
[Round "2.28"]
[White "Kreken, Eivind Grunt"]
[Black "Saltvedt, Martin"]
[Result "0-1"]
[WhiteElo "1887"]
[BlackElo "2095"]
[Annotator "NA"]
[PlyCount "110"]
[EventDate "2019.02.20"]
[EventType "swiss"]
[EventCountry "NOR"]
[SourceTitle "playchess.com"]
[Source "ChessBase"]
[SourceQuality "1"]
[TimeControl "5400+30"]

1. e4 {[%emt 0:00:00]} c5 {[%emt 0:00:00]} 2. Nf3 {[%emt 0:00:00]} Nc6 {[%emt 0:00:11]} 3. d4 {[%emt 0:00:36]} cxd4 {[%emt 0:00:13]} 4. Nxd4 {[%emt 0:00:09]} g6 {[%emt 0:01:18]} 5. c4 {[%emt 0:00:20]} Nf6 {[%emt 0:01:11]} 6. Nc3 {[%emt 0:00:43]} Nxd4 {[%emt 0:01:11]} 7. Qxd4 {[%emt 0:00:19]} Bg7 {[%emt 0:02:37]} 8. Be2 {[%emt 0:01:09]} O-O {[%emt 0:01:39]} 9. Qd1 {[%emt 0:02:24]} d6 {[%emt 0:02:14]} 10. Be3 {[%emt 0:01:56]} a5 {[%emt 0:01:44]} 11. O-O {[%emt 0:00:25]} Be6 {[%emt 0:01:27]} 12. f3 {[%emt 0:02:25]} Nd7 {[%emt 0:07:51]} 13. Nd5 {[%emt 0:03:16]} Nc5 {[%emt 0:02:19]} 14. Bd4 {[%emt 0:10:58]} Bxd5 {[%emt 0:12:24]} 15. Bxg7 {[%emt 0:01:23]} Kxg7 {[%emt 0:00:13]} 16. cxd5 {[%emt 0:00:12]} e5 {[%emt 0:05:42]} 17. dxe6 {[%emt 0:08:02]} fxe6 {[%emt 0:00:40]} 18. Qd2 {[%emt 0:00:53]} Qb6 {[%emt 0:05:09]} 19. Kh1 {[%emt 0:00:33]} Rad8 {[%emt 0:00:28]} 20. b4 {[%emt 0:08:37]} Qxb4 {[%emt 0:09:55]} 21. Qxb4 {[%emt 0:01:03]} axb4 {[%emt 0:01:08]} 22. Rab1 {[%emt 0:00:27]} Ra8 {[%emt 0:09:08]} 23. Bc4 {[%emt 0:01:13]} Ra4 {[%emt 0:01:13]} 24. Rfd1 {[%emt 0:01:30]} Rd8 {[%emt 0:00:40]} 25. Bb3 {[%emt 0:02:08]} Nxb3 {[%emt 0:03:54]} 26. axb3 {[%emt 0:05:02]} Ra6 {[%emt 0:02:14]} 27. Rd4 {[%emt 0:00:40]} Rb6 {[%emt 0:00:24]} 28. Kg1 {[%emt 0:01:07]} Rc8 {[%emt 0:06:50]} 29. Rbd1 {[%emt 0:01:00]} Rcc6 {[%emt 0:00:09]} 30. Kf2 {[%emt 0:00:42]} Kf6 {[%emt 0:00:13]} 31. Ke3 {[%emt 0:00:34]} Rc3+ {[%emt 0:03:14]} 32. R1d3 {[%emt 0:00:34]} Rxd3+ {[%emt 0:02:01]} 33. Kxd3 {[%emt 0:00:45]} Ke5 {[%emt 0:00:33]} 34. Ke3 {[%emt 0:00:54]} g5 {[%emt 0:01:12]} 35. g3 {[%emt 0:00:19]} Kf6 {[%emt 0:05:40]} 36. Kd3 {[%emt 0:01:39]} h5 {[%emt 0:00:29]} 37. Ke3 {[%emt 0:00:14]} Ke7 {[%emt 0:02:05]} 38. f4 {[%emt 0:00:39]} gxf4+ {[%emt 0:03:30]} 39. gxf4 {[%emt 0:00:28]} Rb5 {[%emt 0:01:50]} 40. Kf3 {[%emt 0:01:01]} e5 {[%emt 0:02:43]} 41. fxe5 {[%emt 0:01:05]} dxe5 {[%emt 0:00:05]} 42. Rc4 {[%emt 0:00:52]} Kd6 {[%emt 0:01:01]} 43. Kg3 {[%emt 0:00:21]} Rc5 {[%emt 0:00:48]} 44. Rxb4 {[%emt 0:00:13]} b5 {[%emt 0:00:21]} 45. Kh4 {[%emt 0:01:16]} Kc6 {[%emt 0:00:13]} 46. Kxh5 {[%emt 0:00:24]} Rc2 {[%emt 0:00:18]} 47. h4 {[%emt 0:00:49]} Kc5 {[%emt 0:00:10]} 48. Rxb5+ {[%emt 0:00:12]} Kxb5 {[%emt 0:00:04]} 49. Kg6 {[%emt 0:00:19]} Kc5 {[%emt 0:01:46]} 50. h5 {[%emt 0:00:19]} Kd4 {[%emt 0:00:53]} 51. h6 {[%emt 0:00:11]} Kxe4 {[%emt 0:00:24]} 52. h7 {[%emt 0:00:09]} Rh2 {[%emt 0:00:17]} 53. Kg7 {[%emt 0:00:25]} Kd5 {[%emt 0:00:45]} 54. h8=Q {[%emt 0:00:08]} Rxh8 {[%emt 0:00:07]} 55. Kxh8 {[%emt 0:00:09]} e4 {[%emt 0:00:03]} 0-1

[Event "Kragero Resort Chess A 2019"]
[Site "Kragero"]
[Date "2019.02.21"]
[Round "2.29"]
[White "Kizatbay, Abyl"]
[Black "Albzour, Abdalsalam"]
[Result "1-0"]
[WhiteElo "2084"]
[BlackElo "1869"]
[Annotator "NA"]
[PlyCount "127"]
[EventDate "2019.02.20"]
[EventType "swiss"]
[EventCountry "NOR"]
[SourceTitle "playchess.com"]
[Source "ChessBase"]
[SourceQuality "1"]
[TimeControl "5400+30"]

1. e4 {[%emt 0:00:00]} c6 {[%emt 0:00:00]} 2. d4 {[%emt 0:00:31]} d5 {[%emt 0:00:03]} 3. exd5 {[%emt 0:00:05]} cxd5 {[%emt 0:00:42]} 4. Bd3 {[%emt 0:00:22]} Nc6 {[%emt 0:00:37]} 5. c3 {[%emt 0:00:06]} Nf6 {[%emt 0:00:30]} 6. Bf4 {[%emt 0:00:09]} e6 {[%emt 0:00:46]} 7. Nf3 {[%emt 0:01:01]} Bd6 {[%emt 0:00:40]} 8. Bxd6 {[%emt 0:04:44]} Qxd6 {[%emt 0:00:11]} 9. O-O {[%emt 0:00:13]} O-O {[%emt 0:00:13]} 10. Nbd2 {[%emt 0:01:41]} Bd7 {[%emt 0:00:10]} 11. Re1 {[%emt 0:00:35]} Rfe8 {[%emt 0:00:07]} 12. Ne5 {[%emt 0:03:14]} Rad8 {[%emt 0:01:33]} 13. g4 {[%emt 0:08:02]} h6 {[%emt 0:01:29]} 14. h4 {[%emt 0:05:28]} Qe7 {[%emt 0:06:22]} 15. Qf3 {[%emt 0:24:00]} Rf8 {[%emt 0:06:20]} 16. Qh3 {[%emt 0:07:05]} Nh7 {[%emt 0:14:06]} 17. Ndf3 {[%emt 0:03:56]} Qf6 {[%emt 0:02:31]} 18. Re3 {[%emt 0:01:24]} g6 {[%emt 0:10:33]} 19. Kg2 {[%emt 0:03:52]} Ne7 {[%emt 0:02:57]} 20. Rh1 {[%emt 0:04:56]} Qg7 {[%emt 0:00:15]} 21. Kf1 {[%emt 0:05:19]} Bc8 {[%emt 0:00:17]} 22. g5 {[%emt 0:01:38]} h5 {[%emt 0:00:42]} 23. Rg1 {[%emt 0:01:28]} Nf5 {[%emt 0:02:46]} 24. Re2 {[%emt 0:02:40]} a6 {[%emt 0:03:29]} 25. Ne1 {[%emt 0:01:57]} Rfe8 {[%emt 0:00:57]} 26. Ng2 {[%emt 0:00:52]} Nf8 {[%emt 0:00:06]} 27. Nf4 {[%emt 0:01:51]} Nd7 {[%emt 0:02:31]} 28. Bxf5 {[%emt 0:03:56]} exf5 {[%emt 0:01:02]} 29. Nxd5 {[%emt 0:03:10]} Re6 {[%emt 0:05:10]} 30. Nxd7 {[%emt 0:03:40]} Bxd7 {[%emt 0:02:25]} 31. Nf6+ {[%emt 0:02:45]} Rxf6 {[%emt 0:02:37]} 32. gxf6 {[%emt 0:00:08]} Qxf6 {[%emt 0:00:37]} 33. Re5 {[%emt 0:02:05]} f4 {[%emt 0:01:15]} 34. Qf3 {[%emt 0:00:40]} Kh7 {[%emt 0:05:01]} 35. Qxb7 {[%emt 0:00:28]} Qxh4 {[%emt 0:02:03]} 36. Ke1 {[%emt 0:01:32]} Qf6 {[%emt 0:01:41]} 37. Rf1 {[%emt 0:02:26]} Bb5 {[%emt 0:02:55]} 38. Rg1 {[%emt 0:00:17]} f3 {[%emt 0:01:01]} 39. Qe7 {[%emt 0:00:20]} Qf4 {[%emt 0:01:28]} 40. Kd1 {[%emt 0:00:36]} Rd7 {[%emt 0:07:15]} 41. Qg5 {[%emt 0:00:12]} Qh2 {[%emt 0:00:29]} 42. Qg3 {[%emt 0:00:21]} Be2+ {[%emt 0:03:17]} 43. Kd2 {[%emt 0:00:10]} Qxg3 {[%emt 0:00:42]} 44. Rxg3 {[%emt 0:00:00]} Rd6 {[%emt 0:02:40]} 45. Ke3 {[%emt 0:00:38]} Rf6 {[%emt 0:00:45]} 46. c4 {[%emt 0:00:38]} Bxc4 {[%emt 0:00:58]} 47. Rxf3 {[%emt 0:00:01]} Rd6 {[%emt 0:02:38]} 48. a4 {[%emt 0:00:39]} f6 {[%emt 0:01:57]} 49. Rc5 {[%emt 0:00:37]} Bd5 {[%emt 0:01:27]} 50. Rh3 {[%emt 0:00:06]} Re6+ {[%emt 0:00:52]} 51. Kd2 {[%emt 0:00:16]} Rd6 {[%emt 0:00:16]} 52. Kc3 {[%emt 0:00:33]} Be6 {[%emt 0:00:11]} 53. Rh2 {[%emt 0:00:28]} Kh6 {[%emt 0:00:16]} 54. b4 {[%emt 0:01:22]} Bd7 {[%emt 0:00:55]} 55. b5 {[%emt 0:00:20]} axb5 {[%emt 0:00:46]} 56. axb5 {[%emt 0:00:01]} g5 {[%emt 0:02:03]} 57. Kc4 {[%emt 0:00:10]} h4 {[%emt 0:00:35]} 58. d5 {[%emt 0:00:13]} Be8 {[%emt 0:00:52]} 59. Rc6 {[%emt 0:00:17]} Bxc6 {[%emt 0:01:09]} 60. bxc6 {[%emt 0:00:04]} Kg7 {[%emt 0:00:40]} 61. c7 {[%emt 0:00:07]} Ra6 {[%emt 0:00:43]} 62. c8=Q {[%emt 0:00:08]} Ra2 {[%emt 0:00:23]} 63. Qb7+ {[%emt 0:00:22]} Kg6 {[%emt 0:00:11]} 64. Qb1+ {[%emt 0:00:13]} 1-0

[Event "Kragero Resort Chess A 2019"]
[Site "Kragero"]
[Date "2019.02.21"]
[Round "2.30"]
[White "Nilsen, Jarle"]
[Black "Birkisson, Bjorn Holm"]
[Result "0-1"]
[WhiteElo "1845"]
[BlackElo "2078"]
[Annotator "NA"]
[PlyCount "76"]
[EventDate "2019.02.20"]
[EventType "swiss"]
[EventCountry "NOR"]
[SourceTitle "playchess.com"]
[Source "ChessBase"]
[SourceQuality "1"]
[TimeControl "5400+30"]

1. d4 {[%emt 0:00:25]} d5 {[%emt 0:00:21]} 2. c4 {[%emt 0:00:06]} e6 {[%emt 0:00:04]} 3. Nc3 {[%emt 0:00:04]} Be7 {[%emt 0:00:05]} 4. Nf3 {[%emt 0:00:39]} Nf6 {[%emt 0:00:10]} 5. cxd5 {[%emt 0:00:06]} exd5 {[%emt 0:00:07]} 6. Bg5 {[%emt 0:00:14]} c6 {[%emt 0:00:54]} 7. e3 {[%emt 0:00:20]} Bf5 {[%emt 0:04:14]} 8. Be2 {[%emt 0:02:40]} O-O {[%emt 0:03:39]} 9. O-O {[%emt 0:01:40]} Ne4 {[%emt 0:07:49]} 10. Bf4 {[%emt 0:02:05]} Nd7 {[%emt 0:10:08]} 11. a3 {[%emt 0:14:40]} a5 {[%emt 0:03:57]} 12. Re1 {[%emt 0:12:57]} Re8 {[%emt 0:07:45]} 13. Bf1 {[%emt 0:02:22]} g5 {[%emt 0:09:40]} 14. Bg3 {[%emt 0:06:25]} h5 {[%emt 0:00:06]} 15. h3 {[%emt 0:24:09]} Nxg3 {[%emt 0:03:26]} 16. fxg3 {[%emt 0:00:31]} g4 {[%emt 0:01:08]} 17. Ne5 {[%emt 0:04:42]} Nxe5 {[%emt 0:01:35]} 18. dxe5 {[%emt 0:00:33]} Bc5 {[%emt 0:02:17]} 19. Bd3 {[%emt 0:03:22]} Qg5 {[%emt 0:01:23]} 20. Bxf5 {[%emt 0:02:33]} Qxf5 {[%emt 0:00:13]} 21. Rf1 {[%emt 0:05:45]} Qxe5 {[%emt 0:02:02]} 22. Kh2 {[%emt 0:02:29]} Bd6 {[%emt 0:01:05]} 23. Ne2 {[%emt 0:05:28]} h4 {[%emt 0:03:02]} 24. Nf4 {[%emt 0:00:09]} hxg3+ {[%emt 0:02:48]} 25. Kh1 {[%emt 0:00:20]} Qg5 {[%emt 0:01:19]} 26. Qxg4 {[%emt 0:03:40]} Qxg4 {[%emt 0:00:12]} 27. hxg4 {[%emt 0:00:04]} Rxe3 {[%emt 0:00:39]} 28. Nh5 {[%emt 0:00:32]} Be5 {[%emt 0:03:50]} 29. Rab1 {[%emt 0:01:14]} d4 {[%emt 0:00:42]} 30. Rf3 {[%emt 0:01:41]} Rd8 {[%emt 0:01:49]} 31. Rbf1 {[%emt 0:00:38]} Rxf3 {[%emt 0:00:27]} 32. gxf3 {[%emt 0:00:09]} d3 {[%emt 0:00:06]} 33. b3 {[%emt 0:01:00]} d2 {[%emt 0:01:12]} 34. Rd1 {[%emt 0:00:03]} a4 {[%emt 0:00:20]} 35. bxa4 {[%emt 0:00:22]} c5 {[%emt 0:00:12]} 36. f4 {[%emt 0:00:40]} c4 {[%emt 0:01:07]} 37. fxe5 {[%emt 0:01:53]} c3 {[%emt 0:00:06]} 38. Nf6+ {[%emt 0:00:06]} Kf8 {[%emt 0:00:12]} 0-1

[Event "Kragero Resort Chess A 2019"]
[Site "Kragero"]
[Date "2019.02.21"]
[Round "2.31"]
[White "Jonsson, Gauti Pall"]
[Black "Mkrtchyan, Anahit D."]
[Result "1/2-1/2"]
[WhiteElo "2070"]
[BlackElo "1841"]
[Annotator "NA"]
[PlyCount "128"]
[EventDate "2019.02.20"]
[EventType "swiss"]
[EventCountry "NOR"]
[SourceTitle "playchess.com"]
[Source "ChessBase"]
[SourceQuality "1"]
[TimeControl "5400+30"]

1. Nf3 {[%emt 0:00:06]} Nf6 {[%emt 0:00:00]} 2. e3 {[%emt 0:01:05]} d5 {[%emt 0:00:00]} 3. c4 {[%emt 0:01:02]} c6 {[%emt 0:00:52]} 4. Nc3 {[%emt 0:01:05]} e6 {[%emt 0:03:18]} 5. Qc2 {[%emt 0:02:52]} Bd6 {[%emt 0:00:11]} 6. b3 {[%emt 0:01:29]} O-O {[%emt 0:04:26]} 7. Bb2 {[%emt 0:00:34]} Nbd7 {[%emt 0:02:20]} 8. Rg1 {[%emt 0:03:17]} Qc7 {[%emt 0:06:16]} 9. g4 {[%emt 0:03:55]} Ne5 {[%emt 0:16:50]} 10. Nxe5 {[%emt 0:04:49]} Bxe5 {[%emt 0:00:05]} 11. f4 {[%emt 0:04:31]} Bd6 {[%emt 0:02:54]} 12. g5 {[%emt 0:08:41]} Nd7 {[%emt 0:00:35]} 13. Bd3 {[%emt 0:05:57]} g6 {[%emt 0:00:44]} 14. Nd1 {[%emt 0:03:57]} e5 {[%emt 0:03:49]} 15. Nf2 {[%emt 0:03:17]} Nc5 {[%emt 0:03:23]} 16. b4 {[%emt 0:03:45]} Nxd3+ {[%emt 0:01:46]} 17. Nxd3 {[%emt 0:00:26]} Bf5 {[%emt 0:12:55]} 18. c5 {[%emt 0:01:09]} Be7 {[%emt 0:07:54]} 19. Bxe5 {[%emt 0:02:01]} Qd7 {[%emt 0:00:06]} 20. Qc3 {[%emt 0:01:38]} Qe6 {[%emt 0:00:37]} 21. h4 {[%emt 0:09:14]} b6 {[%emt 0:07:31]} 22. Bd4 {[%emt 0:08:28]} Rab8 {[%emt 0:03:25]} 23. Kf2 {[%emt 0:02:44]} Be4 {[%emt 0:02:06]} 24. Rg3 {[%emt 0:00:58]} f6 {[%emt 0:05:43]} 25. gxf6 {[%emt 0:01:05]} Bxf6 {[%emt 0:00:05]} 26. Bxf6 {[%emt 0:00:54]} Rxf6 {[%emt 0:00:05]} 27. Qe5 {[%emt 0:04:46]} Rb7 {[%emt 0:05:26]} 28. Qxe6+ {[%emt 0:01:40]} Rxe6 {[%emt 0:00:03]} 29. Ne5 {[%emt 0:00:55]} bxc5 {[%emt 0:01:08]} 30. d3 {[%emt 0:01:26]} Bf5 {[%emt 0:00:27]} 31. bxc5 {[%emt 0:00:36]} Rb5 {[%emt 0:02:07]} 32. Kf3 {[%emt 0:01:12]} Rxc5 {[%emt 0:01:31]} 33. Rb1 {[%emt 0:00:43]} Re7 {[%emt 0:01:50]} 34. h5 {[%emt 0:01:00]} Kg7 {[%emt 0:01:12]} 35. Rb3 {[%emt 0:02:43]} Kf6 {[%emt 0:02:55]} 36. e4 {[%emt 0:01:04]} dxe4+ {[%emt 0:00:06]} 37. dxe4 {[%emt 0:00:16]} Be6 {[%emt 0:00:25]} 38. Rd3 {[%emt 0:00:49]} Rg7 {[%emt 0:02:31]} 39. hxg6 {[%emt 0:01:09]} hxg6 {[%emt 0:00:09]} 40. Rg5 {[%emt 0:00:17]} Rc1 {[%emt 0:00:54]} 41. Rd6 {[%emt 0:01:34]} Rc3+ {[%emt 0:00:39]} 42. Kf2 {[%emt 0:00:46]} Ra3 {[%emt 0:00:07]} 43. Rxc6 {[%emt 0:01:39]} Rxa2+ {[%emt 0:00:08]} 44. Ke3 {[%emt 0:00:29]} Ra3+ {[%emt 0:00:06]} 45. Kd4 {[%emt 0:00:41]} Ra4+ {[%emt 0:00:15]} 46. Nc4 {[%emt 0:00:38]} Rd7+ {[%emt 0:00:50]} 47. Kc3 {[%emt 0:01:22]} Rxc4+ {[%emt 0:01:40]} 48. Rxc4 {[%emt 0:00:11]} Bxc4 {[%emt 0:00:01]} 49. Kxc4 {[%emt 0:00:14]} Rc7+ {[%emt 0:00:38]} 50. Kb5 {[%emt 0:01:34]} Re7 {[%emt 0:00:26]} 51. e5+ {[%emt 0:00:14]} Kf7 {[%emt 0:00:06]} 52. Kc6 {[%emt 0:02:17]} a5 {[%emt 0:00:59]} 53. Rg3 {[%emt 0:00:41]} a4 {[%emt 0:00:38]} 54. Ra3 {[%emt 0:00:09]} Ra7 {[%emt 0:00:18]} 55. Kb6 {[%emt 0:01:59]} Ra8 {[%emt 0:00:03]} 56. Kb7 {[%emt 0:00:25]} Ra5 {[%emt 0:00:04]} 57. Kb6 {[%emt 0:00:05]} Ra8 {[%emt 0:00:04]} 58. Kb5 {[%emt 0:00:36]} Ke6 {[%emt 0:00:05]} 59. Rxa4 {[%emt 0:00:12]} Rxa4 {[%emt 0:00:33]} 60. Kxa4 {[%emt 0:00:07]} Kf5 {[%emt 0:00:01]} 61. Kb5 {[%emt 0:00:19]} g5 {[%emt 0:00:03]} 62. fxg5 {[%emt 0:01:02]} Kxe5 {[%emt 0:00:06]} 63. g6 {[%emt 0:00:09]} Kf6 {[%emt 0:00:02]} 64. g7 {[%emt 0:00:06]} Kxg7 {[%emt 0:00:03]} 1/2-1/2

[Event "Kragero Resort Chess A 2019"]
[Site "Kragero"]
[Date "2019.02.21"]
[Round "3.1"]
[White "Hammer, Jon Ludvig"]
[Black "Kjartansson, Gudmundur"]
[Result "1-0"]
[WhiteElo "2652"]
[BlackElo "2403"]
[Annotator "TA"]
[PlyCount "77"]
[EventDate "2019.02.20"]
[EventType "swiss"]
[EventCountry "NOR"]
[SourceTitle "playchess.com"]
[Source "ChessBase"]
[SourceQuality "1"]

{[%evp 9,77,16,19,0,14,21,23,15,24,19,12,31,83,77,85,77,88,79,86,66,89,76,77,69,89,30,31,32,44,33,50,44,39,44,42,47,49,46,61,58,47,38,60,50,314,287,356,183,300,162,152,154,300,267,307,293,300,285,279,285,612,599,695,668,829,825,929,927,1700,1511]} 1. e4 e6 2. d4 d5 3. exd5 exd5 4. Nf3 Nc6 5. Bb5 Bd6 6. O-O {C01: French: Exchange Variation} (6. c4 dxc4 7. d5 a6 8. Ba4 b5 9. dxc6 bxa4 10. O-O Ne7 11. Qxa4 O-O 12. Nbd2 Rb8 13. a3 c3 14. bxc3 Qe8 15. Nd4 Bb7 16. Re1 Bxc6 17. Qxa6 Ba8 18. Ne4 Be5 19. Qd3 Qd7 20. Ng5 {1-0 (32) Gelfand,B (2673)-Alekseev,E (2639) St Petersburg 2018}) 6... a6 7. Bxc6+ bxc6 8. b3 $146 {White has an edge.} ({Predecessor:} 8. c4 dxc4 9. Qa4 Ne7 10. Nbd2 O-O 11. Nxc4 c5 12. Nxd6 Qxd6 13. dxc5 Qxc5 {1-0 (51) Kotyk,M (2016)-Kravtsov,M (1861) Magdeburg 2018}) 8... Ne7 9. c4 dxc4 10. bxc4 {c5 is the strong threat.} Ng6 ({Better is} 10... c5 $1 $14) 11. Re1+ $16 Be7 12. Ba3 O-O 13. Bxe7 Nxe7 14. Nbd2 Ng6 15. Qa4 Bd7 16. Qa5 Re8 17. Rxe8+ (17. Rab1 $16) 17... Bxe8 $11 18. Re1 f6 19. h4 Ne7 20. Qc5 Kf8 21. Ne4 Bf7 22. h5 $36 {[%mdl 2048] aiming for h6! White is pushing.} h6 23. Nh4 Qd7 24. Ng6+ Bxg6 25. hxg6 Re8 $1 26. Qa3 Kg8 $2 {[%mdl 8192]} (26... Qe6 $14) 27. Nc5 $18 ({Worse is} 27. Qxa6 Nxg6 28. Qa5 Kh7 $11) 27... Qxd4 28. Qe3 (28. Nxa6 $142 Qd7 29. Qe3) 28... Qxc4 {[#]} (28... Qxe3 $142 29. Rxe3 a5) 29. Qe6+ (29. Nd7 $142 $1 {[%cal Rd7f6]} Qg4 {[#]} 30. Nxf6+ $1 {[%mdl 576] Deflection} gxf6 31. Qxh6 Nxg6 32. Rxe8+ Kf7 33. Rd8) 29... Qxe6 30. Rxe6 {[%mdl 4096] Endgame KRN-KRN} h5 (30... Kf8 $16) 31. g3 Kf8 32. Nd7+ Kg8 33. Re2 a5 34. a4 f5 $2 (34... c5 35. Nxc5 c6) 35. Nc5 {White is clearly winning.} f4 36. gxf4 h4 37. Kh2 h3 38. f5 Kh8 39. Na6 {Accuracy: White = 62%, Black = 36%.} 1-0

[Event "Kragero Resort Chess A 2019"]
[Site "Kragero"]
[Date "2019.02.21"]
[Round "3.2"]
[White "Castellanos Rodriguez, Renier"]
[Black "Getz, Nicolai"]
[Result "0-1"]
[WhiteElo "2505"]
[BlackElo "2398"]
[Annotator "ChessBase"]
[PlyCount "106"]
[EventDate "2019.02.20"]
[EventType "swiss"]
[EventCountry "NOR"]
[SourceTitle "playchess.com"]
[Source "ChessBase"]
[SourceQuality "1"]
[TimeControl "5400+30"]

1. Nf3 {[%emt 0:01:02]} Nf6 {[%emt 0:00:00]} 2. c4 {[%emt 0:00:11]} g6 {[%emt 0:00:00]} 3. g3 {[%emt 0:00:40]} Bg7 {[%emt 0:00:00]} 4. Bg2 {[%emt 0:00:03]} O-O {[%emt 0:00:07]} 5. O-O {[%emt 0:00:39]} d6 {[%emt 0:00:17]} 6. d4 {[%emt 0:00:08]} Nbd7 {[%emt 0:00:23]} 7. Nc3 {[%emt 0:00:40]} e5 {[%emt 0:00:16]} 8. e4 {[%emt 0:00:46]} a6 {[%emt 0:02:18]} 9. Re1 {[%emt 0:03:01]} exd4 {[%emt 0:02:53]} 10. Nxd4 {[%emt 0:00:13]} Re8 {[%emt 0:00:58]} 11. h3 {[%emt 0:01:16]} Ne5 {[%emt 0:08:25]} 12. b3 {[%emt 0:03:27]} Bd7 {[%emt 0:01:21]} 13. Bf4 {[%emt 0:16:09]} Qb8 {[%emt 0:14:31]} 14. a4 {[%emt 0:05:47]} Qa7 {[%emt 0:08:54]} 15. Be3 {[%emt 0:03:06]} c5 {[%emt 0:02:36]} 16. Nde2 {[%emt 0:01:54]} Rad8 {[%emt 0:17:20]} 17. Nf4 {[%emt 0:09:13]} Bc6 {[%emt 0:01:14]} 18. Qc2 {[%emt 0:05:09]} b6 {[%emt 0:10:00]} 19. Rad1 {[%emt 0:00:30]} Qb8 {[%emt 0:01:25]} 20. Nd3 {[%emt 0:07:11]} Nxd3 {[%emt 0:01:52]} 21. Qxd3 {[%emt 0:00:36]} Qb7 {[%emt 0:01:33]} 22. Bf4 {[%emt 0:04:01]} h6 {[%emt 0:03:56]} 23. g4 {[%emt 0:06:03]} Re6 {[%emt 0:03:14]} 24. Bg3 {[%emt 0:03:03]} Rde8 {[%emt 0:00:23]} 25. Nd5 {[%emt 0:01:56]} g5 {[%emt 0:03:59]} 26. Nxf6+ {[%emt 0:07:30]} Bxf6 {[%emt 0:00:19]} 27. f3 {[%emt 0:00:50]} Bd4+ {[%emt 0:00:28]} 28. Kh2 {[%emt 0:02:18]} b5 {[%emt 0:02:44]} 29. axb5 {[%emt 0:01:56]} axb5 {[%emt 0:00:04]} 30. Qc2 {[%emt 0:01:11]} bxc4 {[%emt 0:01:04]} 31. bxc4 {[%emt 0:00:08]} Qa6 {[%emt 0:03:57]} 32. Rxd4 {[%emt 0:02:12]} cxd4 {[%emt 0:00:04]} 33. Qd2 {[%emt 0:00:12]} Qxc4 {[%emt 0:00:52]} 34. Rc1 {[%emt 0:00:17]} Qa4 {[%emt 0:00:31]} 35. h4 {[%emt 0:01:51]} d5 {[%emt 0:01:18]} 36. e5 {[%emt 0:00:16]} Rxe5 {[%emt 0:02:14]} 37. Bxe5 {[%emt 0:01:46]} Rxe5 {[%emt 0:00:06]} 38. hxg5 {[%emt 0:04:11]} hxg5 {[%emt 0:00:55]} 39. Rb1 {[%emt 0:04:07]} d3 {[%emt 0:01:32]} 40. Qxd3 {[%emt 0:00:17]} Qf4+ {[%emt 0:00:07]} 41. Kg1 {[%emt 0:00:06]} d4 {[%emt 0:02:53]} 42. Rd1 {[%emt 0:00:45]} Ba4 {[%emt 0:00:44]} 43. Rb1 {[%emt 0:02:20]} Kg7 {[%emt 0:01:19]} 44. Kf2 {[%emt 0:01:21]} Rc5 {[%emt 0:01:15]} 45. Rb2 {[%emt 0:01:22]} Bc2 {[%emt 0:01:10]} 46. Rxc2 {[%emt 0:00:46]} Qe3+ {[%emt 0:00:04]} 47. Qxe3 {[%emt 0:00:33]} dxe3+ {[%emt 0:00:06]} 48. Kxe3 {[%emt 0:00:09]} Rxc2 {[%emt 0:00:03]} 49. Bf1 {[%emt 0:00:03]} Kf6 {[%emt 0:00:49]} 50. Bd3 {[%emt 0:00:31]} Rc3 {[%emt 0:00:25]} 51. Kd4 {[%emt 0:00:48]} Ra3 {[%emt 0:00:06]} 52. Be4 {[%emt 0:00:12]} Ke6 {[%emt 0:00:31]} 53. Bd5+ {[%emt 0:00:08] Ke5+ [%emt 00:01:41]} Kd6 {[%emt 0:00:33]} 0-1